[Event "World Chess Olympiad 2018"]
[Site "Batumi"]
[Date "2018.10.04"]
[Round "10"]
[Board "2"]
[WhiteFideId "6700640"]
[White "Arias Daniel"]
[BlackFideId "11300280"]
[Black "Khetho Phemelo"]
[Result "1/2-1/2"]
[LiveChessVersion "1.4.8"]
[BlackElo "2158"]
[WhiteElo "2274"]

1. e4 {[%clk 1:29:37]} c5 {[%clk 1:30:21]} 2. Nf3 {[%clk 1:30:01]} Nc6
{[%clk 1:30:22]} 3. Nc3 {[%clk 1:30:11]} e6 {[%clk 1:25:50]} 4. d4
{[%clk 1:30:26]} cxd4 {[%clk 1:26:08]} 5. Nxd4 {[%clk 1:30:54]} a6
{[%clk 1:24:45]} 6. g3 {[%clk 1:28:52]} Nge7 {[%clk 1:23:47]} 7. Nb3
{[%clk 1:27:27]} d6 {[%clk 1:19:37]} 8. Bg2 {[%clk 1:27:48]} b5 {[%clk 1:18:16]}
9. Bg5 {[%clk 1:20:46]} Qc7 {[%clk 1:17:14]} 10. a3 {[%clk 1:20:26]} Bb7
{[%clk 1:15:49]} 11. O-O {[%clk 1:20:50]} Ng6 {[%clk 1:12:56]} 12. Qe2
{[%clk 1:15:19]} h6 {[%clk 1:10:29]} 13. Be3 {[%clk 1:10:29]} Nge5
{[%clk 1:10:35]} 14. Rad1 {[%clk 1:10:32]} Be7 {[%clk 1:08:18]} 15. Bc1
{[%clk 1:05:44]} h5 {[%clk 0:48:27]} 16. f4 {[%clk 0:55:23]} Ng4 {[%clk 0:48:21]}
17. h3 {[%clk 0:54:12]} Nf6 {[%clk 0:42:44]} 18. Be3 {[%clk 0:44:40]} Rc8
{[%clk 0:40:21]} 19. Qf2 {[%clk 0:43:29]} Ba8 {[%clk 0:31:48]} 20. Rfe1
{[%clk 0:33:17]} Kf8 {[%clk 0:25:53]} 21. Rf1 {[%clk 0:22:58]} Kg8
{[%clk 0:25:22]} 22. Rde1 {[%clk 0:23:01]} Rb8 {[%clk 0:22:43]} 23. Bc1
{[%clk 0:16:23]} Bd8 {[%clk 0:18:19]} 24. e5 {[%clk 0:10:50]} Nd7
{[%clk 0:14:59]} 25. exd6 {[%clk 0:08:54]} Qxd6 {[%clk 0:15:03]} 26. Ne4
{[%clk 0:09:17]} Qe7 {[%clk 0:13:12]} 27. Be3 {[%clk 0:09:41]} Na5
{[%clk 0:10:58]} 28. Nbc5 {[%clk 0:08:59]} Nxc5 {[%clk 0:09:00]} 29. Bxc5
{[%clk 0:08:46]} Qe8 {[%clk 0:08:11]} 30. f5 {[%clk 0:06:36]} Nb7
{[%clk 0:03:12]} 31. fxe6 {[%clk 0:06:21]} fxe6 {[%clk 0:02:48]} 32. Be3
{[%clk 0:03:50]} Be7 {[%clk 0:02:53]} 33. Bg5 {[%clk 0:02:37]} Nd8
{[%clk 0:02:50]} 34. Bf4 {[%clk 0:02:24]} Rc8 {[%clk 0:03:01]} 35. Nd6
{[%clk 0:02:09]} Bxd6 {[%clk 0:02:45]} 36. Bxd6 {[%clk 0:02:37]} Bxg2
{[%clk 0:02:16]} 37. Qxg2 {[%clk 0:02:47]} Qc6 {[%clk 0:02:06]} 38. Qxc6
{[%clk 0:02:05]} Rxc6 {[%clk 0:02:29]} 39. Be7 {[%clk 0:02:31]} Kh7
{[%clk 0:02:35]} 40. c3 {[%clk 0:32:41]} Re8 {[%clk 0:32:42]} 41. Bg5
{[%clk 0:27:35]} Kg6 {[%clk 0:32:29]} 42. Bxd8 {[%clk 0:20:26]} Rxd8
{[%clk 0:32:49]} 43. Re2 {[%clk 0:20:56]} Re8 {[%clk 0:31:37]} 44. Re5
{[%clk 0:20:44]} Rd6 {[%clk 0:31:47]} 45. Rfe1 {[%clk 0:20:42]} Kh6
{[%clk 0:31:49]} 46. R1e2 {[%clk 0:20:36]} g6 {[%clk 0:32:11]} 47. Kg2
{[%clk 0:20:32]} Kg7 {[%clk 0:32:39]} 48. Rf2 {[%clk 0:17:04]} Rf8
{[%clk 0:32:36]} 49. Rfe2 {[%clk 0:17:17]} Rf6 {[%clk 0:32:59]} 50. R5e4
{[%clk 0:16:43]} Kf7 {[%clk 0:33:08]} 51. a4 {[%clk 0:17:09]} Rf5
{[%clk 0:31:27]} 52. axb5 {[%clk 0:16:54]} axb5 {[%clk 0:30:52]} 1/2-1/2

[Event "World Chess Olympiad 2018"]
[Site "Batumi"]
[Date "2018.10.04"]
[Round "10"]
[Board "3"]
[WhiteFideId "11300310"]
[White "Gaealafshwe Barileng"]
[BlackFideId "6700284"]
[Black "Arias Lemnys A."]
[Result "0-1"]
[LiveChessVersion "1.4.8"]
[BlackElo "2294"]
[WhiteElo "2144"]

1. Nf3 {[%clk 1:30:55]} d5 {[%clk 1:30:40]} 2. d4 {[%clk 1:31:14]} Nf6
{[%clk 1:31:03]} 3. c4 {[%clk 1:31:23]} c6 {[%clk 1:31:31]} 4. Nc3
{[%clk 1:31:27]} a6 {[%clk 1:31:20]} 5. a4 {[%clk 1:31:25]} b6 {[%clk 1:30:02]}
6. Bf4 {[%clk 1:30:00]} e6 {[%clk 1:29:31]} 7. e3 {[%clk 1:29:53]} Bb7
{[%clk 1:29:29]} 8. Bd3 {[%clk 1:29:55]} Be7 {[%clk 1:29:39]} 9. O-O
{[%clk 1:29:11]} Nbd7 {[%clk 1:27:27]} 10. cxd5 {[%clk 1:26:25]} exd5
{[%clk 1:26:11]} 11. Rc1 {[%clk 1:24:36]} O-O {[%clk 1:26:16]} 12. Ne5
{[%clk 1:14:38]} Nxe5 {[%clk 1:11:15]} 13. dxe5 {[%clk 1:10:33]} Nd7
{[%clk 1:11:43]} 14. Qg4 {[%clk 1:07:46]} g6 {[%clk 1:11:53]} 15. e6
{[%clk 1:06:38]} f5 {[%clk 1:10:48]} 16. Qg3 {[%clk 1:05:18]} Nc5
{[%clk 1:08:45]} 17. Bc7 {[%clk 1:02:59]} Qe8 {[%clk 1:09:13]} 18. Bc2
{[%clk 0:57:46]} b5 {[%clk 1:09:32]} 19. Bf4 {[%clk 0:56:10]} Nxe6
{[%clk 1:05:54]} 20. Bh6 {[%clk 0:56:24]} Rf6 {[%clk 1:06:15]} 21. h4
{[%clk 0:53:47]} Qb8 {[%clk 1:03:53]} 22. Qxb8+ {[%clk 0:49:37]} Rxb8
{[%clk 1:04:15]} 23. axb5 {[%clk 0:49:39]} axb5 {[%clk 1:04:37]} 24. Ra1
{[%clk 0:49:57]} Rf7 {[%clk 0:59:34]} 25. g3 {[%clk 0:50:13]} Bc5
{[%clk 0:57:45]} 26. Bb3 {[%clk 0:49:19]} Bf8 {[%clk 0:56:53]} 27. Bxf8
{[%clk 0:48:08]} Kxf8 {[%clk 0:57:17]} 28. Rfd1 {[%clk 0:46:23]} Rd8
{[%clk 0:53:43]} 29. Ra7 {[%clk 0:43:10]} Rfd7 {[%clk 0:53:17]} 30. Rda1
{[%clk 0:39:34]} Ke7 {[%clk 0:53:35]} 31. Bd1 {[%clk 0:38:28]} b4
{[%clk 0:48:16]} 32. Na4 {[%clk 0:37:21]} Rc7 {[%clk 0:45:34]} 33. Bf3
{[%clk 0:36:16]} Rb8 {[%clk 0:37:13]} 34. Rc1 {[%clk 0:35:42]} Kd6
{[%clk 0:37:30]} 35. b3 {[%clk 0:35:40]} Ra8 {[%clk 0:37:10]} 36. Rxa8
{[%clk 0:34:51]} Bxa8 {[%clk 0:37:34]} 37. Rd1 {[%clk 0:34:57]} Ra7
{[%clk 0:36:16]} 38. e4 {[%clk 0:33:53]} fxe4 {[%clk 0:36:14]} 39. Bxe4
{[%clk 0:33:53]} Nc5 {[%clk 0:36:36]} 40. Nb6 {[%clk 1:02:28]} Ra6
{[%clk 1:06:45]} 0-1

[Event "World Chess Olympiad 2018"]
[Site "Batumi"]
[Date "2018.10.04"]
[Round "10"]
[Board "4"]
[WhiteFideId "6700187"]
[White "Burgos Figueroa Carlos E."]
[BlackFideId "11300353"]
[Black "Gumpo Thabo"]
[Result "1-0"]
[LiveChessVersion "1.4.8"]
[BlackElo "2059"]
[WhiteElo "2222"]

1. Nf3 {[%clk 1:30:42]} Nf6 {[%clk 1:30:22]} 2. c4 {[%clk 1:31:06]} e6
{[%clk 1:30:31]} 3. g3 {[%clk 1:31:27]} b6 {[%clk 1:28:19]} 4. Bg2
{[%clk 1:31:50]} Bb7 {[%clk 1:28:45]} 5. b3 {[%clk 1:32:16]} c5 {[%clk 1:27:24]}
6. Bb2 {[%clk 1:32:44]} Be7 {[%clk 1:27:42]} 7. O-O {[%clk 1:33:09]} O-O
{[%clk 1:27:42]} 8. Nc3 {[%clk 1:29:32]} Ne4 {[%clk 1:24:28]} 9. Nxe4
{[%clk 1:28:14]} Bxe4 {[%clk 1:24:51]} 10. d4 {[%clk 1:28:41]} d5
{[%clk 1:12:20]} 11. cxd5 {[%clk 1:27:44]} Qxd5 {[%clk 1:11:10]} 12. dxc5
{[%clk 1:28:04]} Bxc5 {[%clk 1:07:55]} 13. Qxd5 {[%clk 1:27:40]} Bxd5
{[%clk 1:07:40]} 14. Ne5 {[%clk 1:27:53]} Bxg2 {[%clk 1:03:25]} 15. Kxg2
{[%clk 1:26:24]} f6 {[%clk 1:00:06]} 16. Nd3 {[%clk 1:26:49]} Bd6
{[%clk 0:59:41]} 17. Rac1 {[%clk 1:26:13]} Na6 {[%clk 0:57:37]} 18. Rc6
{[%clk 1:25:56]} Rfd8 {[%clk 0:57:05]} 19. Rfc1 {[%clk 1:26:08]} e5
{[%clk 0:52:30]} 20. f3 {[%clk 1:24:17]} Rd7 {[%clk 0:46:58]} 21. a3
{[%clk 1:18:16]} Nc5 {[%clk 0:44:48]} 22. Nxc5 {[%clk 1:17:53]} Bxc5
{[%clk 0:44:55]} 23. Rc2 {[%clk 1:18:04]} Rad8 {[%clk 0:44:32]} 24. Bc1
{[%clk 1:17:48]} Rd6 {[%clk 0:34:37]} 25. Rc7 {[%clk 1:13:54]} R6d7
{[%clk 0:32:50]} 26. Rxd7 {[%clk 1:14:16]} Rxd7 {[%clk 0:33:10]} 27. b4
{[%clk 1:13:22]} Be7 {[%clk 0:32:06]} 28. f4 {[%clk 1:11:25]} exf4
{[%clk 0:31:09]} 29. gxf4 {[%clk 1:11:19]} f5 {[%clk 0:30:16]} 30. Kf3
{[%clk 1:10:32]} Kf7 {[%clk 0:29:40]} 31. Rc6 {[%clk 1:10:01]} Bf6
{[%clk 0:21:15]} 32. Be3 {[%clk 1:09:48]} Ke7 {[%clk 0:18:06]} 33. a4
{[%clk 1:09:21]} Rd6 {[%clk 0:16:19]} 34. Rc8 {[%clk 1:08:26]} Rd8
{[%clk 0:14:14]} 35. Rc4 {[%clk 1:06:39]} Rd5 {[%clk 0:12:47]} 36. Bf2
{[%clk 0:58:01]} Kd7 {[%clk 0:12:32]} 37. b5 {[%clk 0:57:21]} Rd1
{[%clk 0:06:02]} 38. e4 {[%clk 0:53:43]} fxe4+ {[%clk 0:04:46]} 39. Kxe4
{[%clk 0:54:00]} Ra1 {[%clk 0:01:42]} 40. f5 {[%clk 1:24:16]} g6 {[%clk 0:30:46]}
41. Bg3 {[%clk 1:24:21]} gxf5+ {[%clk 0:25:22]} 42. Kxf5 {[%clk 1:24:36]} Bd8
{[%clk 0:25:12]} 43. Rd4+ {[%clk 1:24:44]} Kc8 {[%clk 0:23:51]} 44. Ke6
{[%clk 1:25:11]} Ra2 {[%clk 0:22:26]} 45. Kf7 {[%clk 1:24:11]} h5
{[%clk 0:21:47]} 46. Kg6 {[%clk 1:23:04]} Rc2 {[%clk 0:11:44]} 47. Kxh5
{[%clk 1:23:10]} Rc5+ {[%clk 0:09:43]} 48. Kg6 {[%clk 1:23:38]} a6
{[%clk 0:09:54]} 49. bxa6 {[%clk 1:22:22]} Ra5 {[%clk 0:08:55]} 50. Rc4+
{[%clk 1:21:41]} Kd7 {[%clk 0:08:53]} 51. h4 {[%clk 1:21:46]} Rxa6
{[%clk 0:07:18]} 52. Kf7 {[%clk 1:22:10]} Ra5 {[%clk 0:06:33]} 53. Rd4+
{[%clk 1:20:12]} Kc8 {[%clk 0:06:56]} 54. Ke8 {[%clk 1:20:01]} Bf6
{[%clk 0:05:28]} 55. Rf4 {[%clk 1:19:09]} Bxh4 {[%clk 0:03:06]} 56. Rxh4
{[%clk 1:17:33]} b5 {[%clk 0:03:34]} 57. Rh5 {[%clk 1:17:16]} Rxa4
{[%clk 0:03:52]} 58. Rxb5 {[%clk 1:17:44]} Re4+ {[%clk 0:04:04]} 59. Be5
{[%clk 1:18:08]} 1-0

[Event "World Chess Olympiad 2018"]
[Site "Batumi"]
[Date "2018.10.04"]
[Round "10"]
[Board "1"]
[WhiteFideId "11000120"]
[White "Makoto Rodwell"]
[BlackFideId "8100144"]
[Black "Mansour Sameer"]
[Result "1-0"]
[LiveChessVersion "1.4.8"]
[BlackElo "2232"]
[WhiteElo "2338"]

1. Nf3 {[%clk 1:30:57]} g6 {[%clk 1:30:12]} 2. g3 {[%clk 1:31:12]} Bg7
{[%clk 1:30:32]} 3. d4 {[%clk 1:31:34]} Nf6 {[%clk 1:30:43]} 4. Bg2
{[%clk 1:31:53]} O-O {[%clk 1:30:51]} 5. c4 {[%clk 1:32:09]} d6 {[%clk 1:31:04]}
6. O-O {[%clk 1:32:14]} c6 {[%clk 1:31:01]} 7. Nc3 {[%clk 1:32:36]} Qa5
{[%clk 1:31:09]} 8. e4 {[%clk 1:32:44]} Bg4 {[%clk 1:30:42]} 9. h3
{[%clk 1:32:49]} Bxf3 {[%clk 1:30:04]} 10. Bxf3 {[%clk 1:33:10]} Nfd7
{[%clk 1:30:05]} 11. a3 {[%clk 1:27:28]} c5 {[%clk 1:28:28]} 12. e5
{[%clk 1:21:23]} Nc6 {[%clk 1:21:00]} 13. exd6 {[%clk 1:18:34]} exd6
{[%clk 1:13:13]} 14. dxc5 {[%clk 1:17:03]} Qxc5 {[%clk 1:07:26]} 15. Bd5
{[%clk 1:07:10]} Qd4 {[%clk 0:51:17]} 16. Nb5 {[%clk 1:06:30]} Qxd1
{[%clk 0:49:34]} 17. Rxd1 {[%clk 1:05:52]} Nb6 {[%clk 0:49:41]} 18. Nxd6
{[%clk 1:03:52]} Nxd5 {[%clk 0:48:48]} 19. cxd5 {[%clk 1:03:43]} Na5
{[%clk 0:47:38]} 20. Bg5 {[%clk 1:01:22]} Bxb2 {[%clk 0:45:01]} 21. Ra2
{[%clk 1:01:42]} Be5 {[%clk 0:44:59]} 22. Be7 {[%clk 1:00:53]} Bxd6
{[%clk 0:45:11]} 23. Bxd6 {[%clk 1:01:19]} Rfe8 {[%clk 0:45:21]} 24. Rc2 b5
{[%clk 0:44:05]} 25. Rc7 {[%clk 0:59:44]} Nc4 {[%clk 0:43:13]} 26. Be7
{[%clk 0:59:49]} Kg7 {[%clk 0:35:35]} 27. g4 {[%clk 0:57:44]} h6 {[%clk 0:32:59]}
28. h4 {[%clk 0:57:33]} g5 {[%clk 0:32:42]} 29. Kg2 {[%clk 0:56:43]} gxh4
{[%clk 0:32:49]} 30. Bxh4 {[%clk 0:56:16]} Ne5 {[%clk 0:29:06]} 31. d6
{[%clk 0:54:58]} Ng6 {[%clk 0:29:30]} 32. Bg3 {[%clk 0:54:53]} Red8
{[%clk 0:22:26]} 33. Rd5 {[%clk 0:54:37]} a6 {[%clk 0:22:37]} 34. Rf5
{[%clk 0:53:51]} Rf8 {[%clk 0:22:47]} 35. Rb7 {[%clk 0:53:08]} Kg8
{[%clk 0:22:10]} 36. Rc5 {[%clk 0:52:45]} Kg7 {[%clk 0:21:38]} 37. Rcc7
{[%clk 0:52:34]} Kf6 {[%clk 0:21:12]} 38. f4 {[%clk 0:52:31]} Rad8
{[%clk 0:21:15]} 39. f5 {[%clk 0:52:49]} Ne5 {[%clk 0:21:09]} 40. Bh4+
{[%clk 1:23:13]} Kg7 {[%clk 0:51:34]} 41. Be7 {[%clk 1:20:41]} Rg8
{[%clk 0:51:11]} 42. Kg3 {[%clk 1:17:49]} Rb8 {[%clk 0:47:56]} 43. Rxb8
{[%clk 1:17:39]} Rxb8 {[%clk 0:48:24]} 44. Kf4 {[%clk 1:15:13]} 1-0

[Event "World Chess Olympiad 2018"]
[Site "Batumi"]
[Date "2018.10.04"]
[Round "10"]
[Board "2"]
[WhiteFideId "8103178"]
[White "Ahmad Al Khatib"]
[BlackFideId "11001933"]
[Black "Zhemba Jemusse"]
[Result "0-1"]
[LiveChessVersion "1.4.8"]
[BlackElo "2138"]
[WhiteElo "2355"]

1. e4 {[%clk 1:30:59]} e5 {[%clk 1:30:48]} 2. Nf3 {[%clk 1:31:22]} Nc6
{[%clk 1:31:03]} 3. Bb5 {[%clk 1:31:47]} a6 {[%clk 1:30:45]} 4. Ba4
{[%clk 1:32:13]} Nf6 {[%clk 1:31:03]} 5. d3 {[%clk 1:31:51]} d6 {[%clk 1:30:48]}
6. c3 {[%clk 1:31:38]} Be7 {[%clk 1:30:38]} 7. O-O {[%clk 1:31:30]} O-O
{[%clk 1:30:36]} 8. Re1 {[%clk 1:31:25]} Kh8 {[%clk 1:28:26]} 9. h3
{[%clk 1:26:08]} Ng8 {[%clk 1:25:22]} 10. d4 {[%clk 1:12:42]} Bf6
{[%clk 1:16:42]} 11. Bxc6 {[%clk 1:08:21]} bxc6 {[%clk 1:16:56]} 12. dxe5
{[%clk 1:08:44]} dxe5 {[%clk 1:17:17]} 13. Qxd8 {[%clk 1:08:09]} Rxd8
{[%clk 1:17:38]} 14. Nbd2 {[%clk 1:08:08]} g6 {[%clk 1:13:08]} 15. Nc4
{[%clk 1:02:58]} Re8 {[%clk 1:12:16]} 16. Na5 {[%clk 1:01:17]} Ne7
{[%clk 1:10:26]} 17. Be3 {[%clk 0:59:28]} Bg7 {[%clk 1:03:19]} 18. Bc5
{[%clk 0:52:49]} f6 {[%clk 1:03:34]} 19. Rad1 {[%clk 0:48:04]} Be6
{[%clk 1:03:15]} 20. b3 {[%clk 0:34:47]} Bf8 {[%clk 0:58:23]} 21. Nh2
{[%clk 0:30:12]} Kg7 {[%clk 0:56:15]} 22. Nf1 {[%clk 0:28:36]} Kf7
{[%clk 0:55:14]} 23. Ne3 {[%clk 0:27:17]} h5 {[%clk 0:52:46]} 24. Rd3
{[%clk 0:22:07]} g5 {[%clk 0:42:51]} 25. Red1 {[%clk 0:18:19]} g4
{[%clk 0:40:48]} 26. hxg4 {[%clk 0:18:37]} hxg4 {[%clk 0:41:10]} 27. Bxe7
{[%clk 0:17:08]} Bxe7 {[%clk 0:41:31]} 28. Nxc6 {[%clk 0:17:24]} Bd6
{[%clk 0:41:05]} 29. b4 {[%clk 0:11:06]} Rh8 {[%clk 0:40:07]} 30. c4
{[%clk 0:03:34]} Rh4 {[%clk 0:39:26]} 31. c5 {[%clk 0:03:48]} Rah8
{[%clk 0:38:13]} 32. Kf1 {[%clk 0:04:08]} Be7 {[%clk 0:37:33]} 33. Ke2
{[%clk 0:01:43]} g3 {[%clk 0:36:18]} 34. f3 {[%clk 0:01:35]} Rh2 {[%clk 0:34:22]}
35. R1d2 {[%clk 0:00:38]} Rh1 {[%clk 0:30:56]} 36. Nd5 {[%clk 0:00:37]} R8h2
{[%clk 0:30:10]} 37. Re3 {[%clk 0:00:33]} Rxg2+ {[%clk 0:30:25]} 38. Kd3
{[%clk 0:01:01]} Rxd2+ {[%clk 0:30:44]} 39. Kxd2 {[%clk 0:00:37]} Bxd5
{[%clk 0:31:05]} 40. Nxe7 {[%clk 0:30:33]} g2 {[%clk 1:00:47]} 41. Nxd5
{[%clk 0:27:53]} g1=Q {[%clk 1:01:04]} 42. Nc3 {[%clk 0:28:15]} Qc1+
{[%clk 1:01:07]} 43. Kd3 {[%clk 0:28:41]} Rh2 {[%clk 1:01:06]} 0-1

[Event "World Chess Olympiad 2018"]
[Site "Batumi"]
[Date "2018.10.04"]
[Round "10"]
[Board "3"]
[WhiteFideId "14300753"]
[White "Masango Spencer"]
[BlackFideId "7600437"]
[Black "Issa Rafat"]
[Result "1/2-1/2"]
[LiveChessVersion "1.4.8"]
[BlackElo "2388"]
[WhiteElo "2121"]

1. Nf3 {[%clk 1:30:38]} Nf6 {[%clk 1:30:27]} 2. c4 {[%clk 1:31:01]} c5
{[%clk 1:30:42]} 3. Nc3 {[%clk 1:31:02]} Nc6 {[%clk 1:30:50]} 4. g3
{[%clk 1:31:14]} d5 {[%clk 1:30:33]} 5. cxd5 {[%clk 1:29:49]} Nxd5
{[%clk 1:30:54]} 6. Bg2 {[%clk 1:30:12]} Nc7 {[%clk 1:30:42]} 7. O-O
{[%clk 1:30:17]} e5 {[%clk 1:30:48]} 8. a3 {[%clk 1:30:03]} f6 {[%clk 1:29:48]}
9. b4 {[%clk 1:29:30]} cxb4 {[%clk 1:26:31]} 10. axb4 {[%clk 1:29:18]} Bxb4
{[%clk 1:26:42]} 11. Qa4 {[%clk 1:29:04]} O-O {[%clk 1:25:06]} 12. Ba3
{[%clk 1:20:02]} a5 {[%clk 1:19:11]} 13. Rfc1 {[%clk 1:13:55]} Kh8
{[%clk 1:18:42]} 14. Nb5 {[%clk 1:00:06]} Bxa3 {[%clk 1:01:22]} 15. Nxc7
{[%clk 0:50:42]} Bxc1 {[%clk 0:55:56]} 16. Nxa8 {[%clk 0:50:38]} Bd7
{[%clk 0:55:50]} 17. Rxc1 {[%clk 0:43:24]} Qxa8 {[%clk 0:56:03]} 18. Rc5
{[%clk 0:32:49]} Qa7 {[%clk 0:45:40]} 19. Qa3 {[%clk 0:30:52]} Re8
{[%clk 0:39:07]} 20. Rd5 {[%clk 0:26:41]} Be6 {[%clk 0:34:53]} 21. Rd6
{[%clk 0:26:36]} Qb8 {[%clk 0:29:37]} 22. d4 {[%clk 0:23:02]} exd4
{[%clk 0:27:43]} 23. Nxd4 {[%clk 0:23:20]} Nxd4 {[%clk 0:28:03]} 24. Rxd4
{[%clk 0:23:44]} b6 {[%clk 0:24:45]} 25. e3 {[%clk 0:23:08]} h6 {[%clk 0:22:10]}
26. Bc6 {[%clk 0:23:05]} Rc8 {[%clk 0:18:19]} 27. Qe7 {[%clk 0:22:54]} Rxc6
{[%clk 0:18:29]} 28. Rd8+ {[%clk 0:22:46]} Qxd8 {[%clk 0:18:49]} 29. Qxd8+
{[%clk 0:23:11]} Bg8 {[%clk 0:19:10]} 30. Qa8 {[%clk 0:22:32]} Rc4
{[%clk 0:19:02]} 31. e4 {[%clk 0:21:55]} a4 {[%clk 0:18:44]} 32. f4
{[%clk 0:21:57]} b5 {[%clk 0:18:50]} 33. g4 {[%clk 0:21:34]} Rc3 {[%clk 0:18:32]}
34. g5 {[%clk 0:21:48]} fxg5 {[%clk 0:15:19]} 35. fxg5 {[%clk 0:22:00]} a3
{[%clk 0:15:23]} 36. gxh6 {[%clk 0:21:38]} a2 {[%clk 0:15:30]} 37. h7
{[%clk 0:16:04]} Kxh7 {[%clk 0:15:32]} 38. Kf2 {[%clk 0:16:07]} Bf7
{[%clk 0:05:29]} 39. Qa7 {[%clk 0:15:41]} Bc4 {[%clk 0:04:25]} 40. Qc5
{[%clk 0:44:05]} Rc2+ {[%clk 0:33:19]} 41. Kg3 {[%clk 0:43:39]} Bf7
{[%clk 0:33:18]} 42. Qa7 {[%clk 0:43:27]} Bg6 {[%clk 0:32:51]} 43. h4
{[%clk 0:39:52]} b4 {[%clk 0:31:12]} 44. h5 {[%clk 0:40:04]} Bxh5
{[%clk 0:30:26]} 45. Qa5 {[%clk 0:39:06]} Bg6 {[%clk 0:30:02]} 46. e5
{[%clk 0:35:28]} Rc3+ {[%clk 0:29:58]} 47. Kf4 {[%clk 0:35:17]} Ra3
{[%clk 0:26:57]} 48. Qd8 {[%clk 0:35:25]} Rd3 {[%clk 0:27:02]} 49. Qa8
{[%clk 0:35:06]} Ra3 {[%clk 0:25:54]} 50. Qh1+ {[%clk 0:35:06]} Kg8
{[%clk 0:25:17]} 51. Qd5+ {[%clk 0:35:21]} Kh8 {[%clk 0:25:12]} 52. Qd8+
{[%clk 0:35:37]} Kh7 {[%clk 0:25:30]} 53. Qh4+ {[%clk 0:35:55]} Kg8
{[%clk 0:25:29]} 54. Qd8+ {[%clk 0:36:18]} Kf7 {[%clk 0:24:07]} 55. Qd7+
{[%clk 0:36:24]} Kf8 {[%clk 0:23:36]} 56. Qd6+ {[%clk 0:36:44]} Kg8
{[%clk 0:23:46]} 57. Qd8+ {[%clk 0:36:56]} Kh7 {[%clk 0:22:43]} 1/2-1/2

[Event "World Chess Olympiad 2018"]
[Site "Batumi"]
[Date "2018.10.04"]
[Round "10"]
[Board "4"]
[WhiteFideId "8100500"]
[White "Khader Sami"]
[BlackFideId "11001364"]
[Black "Elisha Thabo"]
[Result "0-1"]
[LiveChessVersion "1.4.8"]
[BlackElo "2024"]
[WhiteElo "2405"]

1. d4 {[%clk 1:30:42]} Nf6 {[%clk 1:30:55]} 2. c4 {[%clk 1:31:03]} e6
{[%clk 1:31:20]} 3. Nf3 {[%clk 1:31:29]} Bb4+ {[%clk 1:31:44]} 4. Nc3
{[%clk 1:31:50]} Qe7 {[%clk 1:31:51]} 5. Bg5 {[%clk 1:31:27]} Nc6
{[%clk 1:32:06]} 6. e3 {[%clk 1:30:37]} d6 {[%clk 1:32:31]} 7. Be2
{[%clk 1:30:40]} e5 {[%clk 1:32:38]} 8. O-O {[%clk 1:30:34]} Bxc3
{[%clk 1:32:58]} 9. bxc3 {[%clk 1:30:57]} O-O {[%clk 1:33:16]} 10. Nd2
{[%clk 1:31:02]} h6 {[%clk 1:33:23]} 11. Bh4 {[%clk 1:31:23]} Bf5
{[%clk 1:30:28]} 12. c5 {[%clk 1:25:17]} dxc5 {[%clk 1:28:57]} 13. e4
{[%clk 1:25:18]} Bh7 {[%clk 1:27:35]} 14. f4 {[%clk 1:25:08]} cxd4
{[%clk 1:15:59]} 15. fxe5 {[%clk 1:25:16]} Qxe5 {[%clk 1:16:00]} 16. Bxf6
{[%clk 1:20:18]} gxf6 {[%clk 1:16:15]} 17. Nf3 {[%clk 1:12:19]} Qxe4
{[%clk 1:16:01]} 18. cxd4 {[%clk 1:12:13]} Rad8 {[%clk 1:15:21]} 19. Qe1
{[%clk 1:09:23]} Nxd4 {[%clk 1:11:44]} 20. Nxd4 {[%clk 1:09:27]} Qxd4+
{[%clk 1:11:50]} 21. Kh1 {[%clk 1:09:50]} Bg6 {[%clk 1:08:15]} 22. Bf3
{[%clk 1:08:11]} Qe5 {[%clk 1:02:04]} 23. Qc1 {[%clk 1:08:18]} b6
{[%clk 1:00:41]} 24. Re1 {[%clk 1:07:29]} Qd6 {[%clk 0:56:11]} 25. Qxh6
{[%clk 1:07:42]} Qd2 {[%clk 0:53:52]} 26. Qh4 {[%clk 1:06:58]} Kg7
{[%clk 0:51:49]} 27. Qg3 {[%clk 1:02:26]} Qd6 {[%clk 0:48:28]} 28. Qg4
{[%clk 0:58:30]} c5 {[%clk 0:45:06]} 29. Be4 {[%clk 0:55:22]} Qd4
{[%clk 0:29:34]} 30. Rad1 {[%clk 0:45:49]} Qb4 {[%clk 0:27:05]} 31. Rb1
{[%clk 0:44:58]} Qd4 {[%clk 0:25:25]} 32. Qf3 {[%clk 0:43:02]} Rfe8
{[%clk 0:20:42]} 33. Bxg6 {[%clk 0:43:00]} fxg6 {[%clk 0:18:31]} 34. Rf1
{[%clk 0:41:47]} Re3 {[%clk 0:13:56]} 35. Qc6 {[%clk 0:41:26]} Qd6
{[%clk 0:13:05]} 36. Qb7+ {[%clk 0:40:15]} Qe7 {[%clk 0:11:46]} 37. Qc6
{[%clk 0:39:17]} Rd6 {[%clk 0:11:34]} 38. Qa8 {[%clk 0:38:27]} c4
{[%clk 0:10:54]} 39. Qc8 {[%clk 0:37:39]} c3 {[%clk 0:10:53]} 40. Rbc1
{[%clk 1:07:22]} Rdd3 {[%clk 0:38:45]} 41. a4 {[%clk 1:06:05]} Qd7
{[%clk 0:38:47]} 42. Qb8 {[%clk 1:04:38]} Re2 {[%clk 0:32:42]} 43. Qf4
{[%clk 0:59:14]} Qe7 {[%clk 0:29:21]} 44. Qc4 {[%clk 0:40:13]} Qe4
{[%clk 0:28:16]} 45. Qc7+ {[%clk 0:39:17]} Kh6 {[%clk 0:28:19]} 46. Rg1
{[%clk 0:39:19]} Qe5 {[%clk 0:24:25]} 47. Qc8 {[%clk 0:35:55]} f5
{[%clk 0:20:34]} 48. Qg8 {[%clk 0:31:28]} c2 {[%clk 0:16:31]} 49. Qf8+
{[%clk 0:28:58]} Qg7 {[%clk 0:15:17]} 50. Qc8 {[%clk 0:28:54]} Qd7
{[%clk 0:15:18]} 51. Qh8+ {[%clk 0:23:21]} Qh7 {[%clk 0:14:34]} 52. Qf6
{[%clk 0:22:33]} Qe7 {[%clk 0:13:58]} 53. Qh8+ {[%clk 0:22:52]} Kg5
{[%clk 0:14:05]} 54. h3 {[%clk 0:19:26]} a6 {[%clk 0:12:05]} 55. Rcf1
{[%clk 0:15:15]} Qe4 {[%clk 0:10:31]} 56. Qh7 {[%clk 0:07:04]} Rd1
{[%clk 0:09:16]} 57. h4+ {[%clk 0:06:50]} Qxh4+ {[%clk 0:09:32]} 58. Qxh4+
{[%clk 0:07:17]} Kxh4 {[%clk 0:10:01]} 59. Rxd1 {[%clk 0:07:35]} cxd1=Q
{[%clk 0:10:20]} 60. Rxd1 {[%clk 0:08:03]} g5 {[%clk 0:06:59]} 61. Kh2
{[%clk 0:08:31]} f4 {[%clk 0:07:04]} 62. Kg1 {[%clk 0:07:38]} Kg3
{[%clk 0:06:51]} 63. Rd3+ {[%clk 0:07:44]} Re3 {[%clk 0:07:14]} 64. Rd1
{[%clk 0:08:02]} Ra3 {[%clk 0:07:42]} 65. Kf1 {[%clk 0:07:05]} Rxa4
{[%clk 0:07:57]} 66. Rd3+ {[%clk 0:07:32]} Kg4 {[%clk 0:08:17]} 67. Rb3
{[%clk 0:07:55]} b5 {[%clk 0:08:46]} 68. Kf2 {[%clk 0:08:13]} b4 {[%clk 0:09:00]}
69. Rb2 {[%clk 0:07:26]} 0-1